Daňové znalosti - inšpirácie a inovácie

Pokračovanie príspevku z predchádzajúceho čísla. Efektívne východiská najlepších daňových informácií v rámci Slovenska.

Salvato in:
Dettagli Bibliografici
Autore principale: Burák, Emil
Natura: Capitolo di libro
Lingua:slovacco
Soggetti:
Tags: Aggiungi Tag
Nessun Tag, puoi essere il primo ad aggiungerne!!

MARC

LEADER 00000naa a2200000 4500
001 0254608
005 20190607071410.8
041 0 |a slo 
044 |a SK 
245 1 0 |a Daňové znalosti - inšpirácie a inovácie  |c Emil Burák 
520 |a Pokračovanie príspevku z predchádzajúceho čísla. Efektívne východiská najlepších daňových informácií v rámci Slovenska. 
610 2 0 |a informácie 
610 2 0 |a vedomosti 
610 2 0 |a dane 
610 2 0 |a zákony 
610 2 0 |a Slovensko 
100 1 |a Burák, Emil